[Event "CZE-chT2A 2223"]
[Site "Czech Republic"]
[Date "2023.03.26"]
[Round "11.2"]
[White "Priborsky, Marek"]
[Black "Janous, Marek"]
[Result "0-1"]
[WhiteElo "2199"]
[BlackElo "2102"]
[PlyCount "64"]
[EventDate "2022.10.16"]
[EventType "team-tourn"]
[EventRounds "11"]
[EventCountry "CZE"]
[SourceTitle "EXT 2024"]
[Source "ChessBase"]
[SourceDate "2023.10.10"]
[SourceVersion "1"]
[SourceVersionDate "2023.10.10"]
[SourceQuality "1"]
[WhiteTeam "Pribram"]
[BlackTeam "Plzen"]
[WhiteTeamCountry "CZE"]
[BlackTeamCountry "CZE"]

1. e4 c5 2. Nc3 d6 3. g3 Nc6 4. Bg2 g6 5. Nge2 Bg7 6. 0-0 e6 7. d3 Nge7 8. Be3 Nd4 9. Qd2 0-0 10. Nd1 d5 11. c3 Nxe2+ 12. Qxe2 d4 13. Bd2 e5 14. f4 Be6 15. c4 Qd7 16. Nf2 Nc6 17. h3 Rae8 18. Rae1 Nb4 19. Bxb4 cxb4 20. Kh2 exf4 21. gxf4 f5 22. e5 Rc8 23. h4 Qd8 24. Kg3 Rf7 25. Rh1 h6 26. Rh2 Rc5 27. Bf3 g5 28. hxg5 hxg5 29. Bh5 gxf4+ 30. Kxf4 Bh6+ 31. Kf3 Rg7 32. Nh3 Qh4 0-1

[Event "CZE-chT2A 1819"]
[Site "Czech Republic"]
[Date "2018.12.16"]
[Round "5.2"]
[White "Priborsky, Marek"]
[Black "Jezek, Jan"]
[Result "0-1"]
[WhiteElo "2202"]
[BlackElo "2175"]
[PlyCount "66"]
[EventDate "2018.10.14"]
[EventType "team-tourn"]
[EventRounds "11"]
[EventCountry "CZE"]
[SourceTitle "EXT 2022"]
[Source "ChessBase"]
[SourceDate "2021.10.06"]
[SourceVersion "1"]
[SourceVersionDate "2021.10.06"]
[SourceQuality "1"]
[WhiteTeam "Pribram Banik"]
[BlackTeam "Line"]
[WhiteTeamCountry "CZE"]
[BlackTeamCountry "CZE"]

1. e4 g6 2. d4 Bg7 3. Nf3 d6 4. Bc4 Nf6 5. Qe2 0-0 6. c3 c6 7. Bb3 Nbd7 8. 0-0 e5 9. Bg5 h6 10. Bh4 g5 11. Bg3 Nh5 12. dxe5 Nxg3 13. hxg3 dxe5 14. Nbd2 Nc5 15. Nc4 Nxb3 16. axb3 Qc7 17. Qe3 c5 18. Na3 Bd7 19. Rfd1 Rfd8 20. Rd5 b6 21. Rad1 Bc6 22. Rxd8+ Rxd8 23. Rxd8+ Qxd8 24. Nd2 h5 25. Nf3 f6 26. Qd2 Qxd2 27. Nxd2 g4 28. Kf1 Bh6 29. Nab1 b5 30. Ke2 f5 31. f3 f4 32. gxf4 exf4 33. c4 b4 0-1

[Event "Landesliga Nord 1516"]
[Site "Bayern"]
[Date "2016.02.21"]
[Round "7.3"]
[White "Bunk, Karsten"]
[Black "Priborsky, Marek"]
[Result "1-0"]
[WhiteElo "2106"]
[BlackElo "2130"]
[PlyCount "97"]
[EventDate "2015.10.11"]
[EventType "team-tourn"]
[EventRounds "9"]
[EventCountry "GER"]
[SourceTitle "EXT 2018"]
[Source "ChessBase"]
[SourceDate "2017.10.13"]
[SourceVersion "1"]
[SourceVersionDate "2017.10.13"]
[SourceQuality "1"]
[WhiteTeam "Nuernberg Sued SW"]
[BlackTeam "Bad Koetzting"]
[WhiteTeamCountry "GER"]
[BlackTeamCountry "GER"]

1. c4 g6 2. g3 Bg7 3. Bg2 d6 4. Nc3 e5 5. d3 Ne7 6. e4 Nbc6 7. Nge2 0-0 8. 0-0 Be6 9. Nd5 Qd7 10. Be3 Nd4 11. Nxd4 exd4 12. Bh6 c6 13. Bxg7 Kxg7 14. Nf4 c5 15. Nxe6+ fxe6 16. Bh3 Nc6 17. f4 Qe7 18. Qd2 Rae8 19. a3 b6 20. b4 Rf7 21. b5 Nd8 22. a4 Nb7 23. e5 dxe5 24. Rae1 exf4 25. Bxe6 Qxe6 26. Rxe6 Rxe6 27. Rxf4 Rfe7 28. Qg2 Re1+ 29. Rf1 Rxf1+ 30. Kxf1 Nd8 31. Qd5 Ne6 32. Qe5+ Kf7 33. g4 g5 34. h4 gxh4 35. Qh5+ Kf8 36. Qxh4 Ke8 37. Qh5+ Kf8 38. Kg1 Rf7 39. Qe5 Ke7 40. Kg2 Rg7 41. Kg3 Kf7 42. Kf3 Ng5+ 43. Kg3 Ne6 44. Kh4 Ke7 45. g5 Rxg5 46. Qb8 Kf6 47. Qxa7 h5 48. Qxb6 Kf5 49. Qxe6+ 1-0

[Event "Regionalliga NO 1314"]
[Site "Bayern"]
[Date "2014.03.16"]
[Round "8.3"]
[White "Priborsky, Marek"]
[Black "Kaiser, Harald"]
[Result "1-0"]
[WhiteElo "2166"]
[BlackElo "1942"]
[PlyCount "81"]
[EventDate "2013.10.13"]
[EventType "team-tourn"]
[EventRounds "9"]
[EventCountry "GER"]
[SourceTitle "EXT 2015"]
[Source "ChessBase"]
[SourceDate "2014.11.20"]
[SourceVersion "1"]
[SourceVersionDate "2014.11.20"]
[SourceQuality "1"]
[WhiteTeam "Bad Koetzting"]
[BlackTeam "Bechhofen"]
[WhiteTeamCountry "GER"]
[BlackTeamCountry "GER"]

1. e4 d6 2. d4 Nf6 3. Nc3 e5 4. Nf3 Nbd7 5. Bc4 Be7 6. Bxf7+ Kxf7 7. Ng5+ Kg8 8. Ne6 Qe8 9. Nxc7 Qg6 10. Nxa8 Qxg2 11. Rf1 exd4 12. Qe2 Nc5 13. f3 Qxe2+ 14. Nxe2 Bh3 15. Rg1 d3 16. Nf4 Bd7 17. Nc7 dxc2 18. Rg2 Kf7 19. Rxc2 Rc8 20. Ncd5 Nxd5 21. Nxd5 Nd3+ 22. Kd1 Rxc2 23. Kxc2 Ne1+ 24. Kc3 Nxf3 25. Bf4 g5 26. Bg3 h5 27. Rf1 g4 28. Rd1 Bf8 29. Ne3 Ke6 30. Nf5 Ne5 31. b4 Bc6 32. Nd4+ Ke7 33. Bxe5 dxe5 34. Nxc6+ bxc6 35. Rf1 Bh6 36. Rf5 Bf4 37. Rxh5 g3 38. hxg3 Bxg3 39. Rh7+ Kd6 40. Rxa7 Bf2 41. Rf7 1-0

[Event "Landesliga Nord 1112"]
[Site "Bayern"]
[Date "2012.01.15"]
[Round "5.5"]
[White "Sommer, Matthias"]
[Black "Priborsky, Marek"]
[Result "1/2-1/2"]
[WhiteElo "2128"]
[BlackElo "2169"]
[PlyCount "69"]
[EventDate "2011.10.02"]
[EventType "team-tourn"]
[EventRounds "9"]
[EventCountry "GER"]
[SourceTitle "EXT 2013"]
[Source "ChessBase"]
[SourceDate "2012.11.22"]
[SourceVersion "1"]
[SourceVersionDate "2012.11.22"]
[SourceQuality "1"]
[WhiteTeam "Nuernberg NT II"]
[BlackTeam "Bad Koetzting"]
[WhiteTeamCountry "GER"]
[BlackTeamCountry "GER"]

1. d4 Nf6 2. c4 g6 3. Nc3 Bg7 4. e4 d6 5. f3 0-0 6. Be3 Na6 7. Qd2 c5 8. d5 e6 9. Bd3 exd5 10. cxd5 Re8 11. Nge2 Rb8 12. 0-0 Nc7 13. a4 a6 14. Rab1 b5 15. axb5 axb5 16. b4 c4 17. Bc2 Qe7 18. Rfe1 Bd7 19. Nd4 Ra8 20. Bf4 Nh5 21. Bh6 Ra3 22. Bxg7 Nxg7 23. f4 Qh4 24. e5 dxe5 25. fxe5 Rxc3 26. Qxc3 Nxd5 27. Qd2 Nc7 28. Nf3 Qe7 29. Be4 Bf5 30. Bxf5 Nxf5 31. Red1 Ne6 32. Qc3 Nf4 33. Rd2 Nd3 34. Rxd3 cxd3 35. Qxd3 1/2-1/2

[Event "Landesliga Nord 1112"]
[Site "Bayern"]
[Date "2011.11.20"]
[Round "3.7"]
[White "Singer, Michael"]
[Black "Priborsky, Marek"]
[Result "0-1"]
[WhiteElo "1922"]
[BlackElo "2169"]
[PlyCount "81"]
[EventDate "2011.10.02"]
[EventType "team-tourn"]
[EventRounds "9"]
[EventCountry "GER"]
[SourceTitle "EXT 2013"]
[Source "ChessBase"]
[SourceDate "2012.11.22"]
[SourceVersion "1"]
[SourceVersionDate "2012.11.22"]
[SourceQuality "1"]
[WhiteTeam "Kelheim"]
[BlackTeam "Bad Koetzting"]
[WhiteTeamCountry "GER"]
[BlackTeamCountry "GER"]

1. c4 g6 2. g3 Bg7 3. Bg2 d6 4. Nc3 e5 5. e3 Ne7 6. Nge2 0-0 7. 0-0 Nbc6 8. b3 Be6 9. d4 exd4 10. exd4 d5 11. Bg5 Qd7 12. Rc1 h6 13. Be3 Rad8 14. Nf4 Bg4 15. f3 Be6 16. cxd5 Nxd5 17. Ncxd5 Bxd5 18. Rc5 Ne7 19. Qc1 Bc6 20. Bh3 Qd6 21. d5 Nxd5 22. Rd1 Nxf4 23. Rxd6 Ne2+ 24. Kf2 Nxc1 25. Rxd8 Rxd8 26. Rxc1 Bd4 27. Rc2 Kf8 28. Bxd4 Rxd4 29. Ke3 Rd5 30. b4 Rb5 31. a3 a5 32. Bf1 Re5+ 33. Kd4 Rd5+ 34. Ke3 Re5+ 35. Kd4 Re1 36. Bd3 axb4 37. axb4 Rd1 38. Ke3 Re1+ 39. Kd4 Re7 40. b5 Rd7+ 41. Ke5 0-1

[Event "Landesliga Nord 1011"]
[Site "Bayern"]
[Date "2011.04.10"]
[Round "9.7"]
[White "Blodig, Reinhard"]
[Black "Priborsky, Marek"]
[Result "1-0"]
[WhiteElo "2045"]
[BlackElo "2169"]
[PlyCount "115"]
[EventDate "2010.10.10"]
[EventType "team-tourn"]
[EventRounds "9"]
[EventCountry "GER"]
[SourceTitle "EXT 2012"]
[Source "ChessBase"]
[SourceDate "2011.11.24"]
[SourceVersion "1"]
[SourceVersionDate "2011.11.24"]
[SourceQuality "1"]
[WhiteTeam "Neutraubling"]
[BlackTeam "Koetzting"]
[WhiteTeamCountry "GER"]
[BlackTeamCountry "GER"]

1. g3 g6 2. Bg2 Bg7 3. e4 d6 4. Nc3 c5 5. d3 Nc6 6. f4 e6 7. Nf3 Nge7 8. 0-0 0-0 9. Be3 Nd4 10. e5 Nef5 11. Bf2 Nxf3+ 12. Qxf3 Nd4 13. Qd1 dxe5 14. fxe5 Bxe5 15. Ne4 Qc7 16. c3 Nc6 17. Nxc5 b6 18. Qa4 bxc5 19. Qxc6 Rb8 20. Bxc5 Rd8 21. d4 Qxc6 22. Bxc6 Bd6 23. Bxa7 Rxb2 24. Rf2 Ba3 25. Rxb2 Bxb2 26. Rb1 Rd6 27. Rxb2 Rxc6 28. Rb8 Kg7 29. Bc5 Ba6 30. a4 Kf6 31. Kf2 Kf5 32. Kf3 h5 33. a5 Bc4 34. Rb4 Ba6 35. Ke3 g5 36. c4 f6 37. Rb6 Rxb6 38. axb6 Bb7 39. Be7 Bc6 40. Kd3 Kg6 41. Kc3 Kf7 42. Bd8 g4 43. Kb4 Ke8 44. Kc5 Kd7 45. Bxf6 Bb7 46. Bg5 Ba8 47. Kb4 Kc6 48. Bd8 Bb7 49. Bc7 Ba6 50. Kc3 Bb7 51. Kd2 Ba6 52. c5 Bc8 53. Ke3 Bd7 54. Ke4 Kb7 55. Ke5 Kc6 56. Kf6 Kb7 57. Ke7 Kc6 58. b7 1-0

[Event "Landesliga Nord 1011"]
[Site "Bayern"]
[Date "2011.02.27"]
[Round "7.7"]
[White "Priborsky, Marek"]
[Black "Krauseneck, Peter"]
[Result "1/2-1/2"]
[WhiteElo "2169"]
[BlackElo "2081"]
[PlyCount "53"]
[EventDate "2010.10.10"]
[EventType "team-tourn"]
[EventRounds "9"]
[EventCountry "GER"]
[SourceTitle "EXT 2012"]
[Source "ChessBase"]
[SourceDate "2011.11.24"]
[SourceVersion "1"]
[SourceVersionDate "2011.11.24"]
[SourceQuality "1"]
[WhiteTeam "Koetzting"]
[BlackTeam "Bamberg"]
[WhiteTeamCountry "GER"]
[BlackTeamCountry "GER"]

1. e4 e6 2. d4 d5 3. Nd2 c5 4. exd5 Qxd5 5. Ngf3 cxd4 6. Bc4 Qc5 7. Qe2 Nf6 8. Nb3 Qh5 9. Nbxd4 Be7 10. Bd2 Bd7 11. Ne5 Qxe2+ 12. Bxe2 Nc6 13. Ndxc6 Bxc6 14. Nxc6 bxc6 15. Bf3 Rc8 16. Be3 Rc7 17. Bf4 Rc8 18. Be3 Rc7 19. c4 Bb4+ 20. Ke2 Bd6 21. Rhd1 Be5 22. Bc5 Nd7 23. Bb4 c5 24. Ba5 Nb6 25. Rd2 Bd4 26. Rad1 e5 27. b3 1/2-1/2

[Event "Landesliga Nord 1011"]
[Site "Bayern"]
[Date "2010.10.10"]
[Round "1.6"]
[White "Dirmeier, Matthias"]
[Black "Priborsky, Marek"]
[Result "0-1"]
[WhiteElo "1945"]
[BlackElo "2169"]
[PlyCount "52"]
[EventDate "2010.10.10"]
[EventType "team-tourn"]
[EventRounds "9"]
[EventCountry "GER"]
[SourceTitle "EXT 2012"]
[Source "ChessBase"]
[SourceDate "2011.11.24"]
[SourceVersion "1"]
[SourceVersionDate "2011.11.24"]
[SourceQuality "1"]
[WhiteTeam "Schwandorf"]
[BlackTeam "Koetzting"]
[WhiteTeamCountry "GER"]
[BlackTeamCountry "GER"]

1. e4 e5 2. Nf3 Nc6 3. d4 exd4 4. Nxd4 Bc5 5. Nxc6 Qf6 6. Qf3 Qxf3 7. gxf3 bxc6 8. Nc3 Ne7 9. Bf4 d6 10. Bd3 Be6 11. 0-0 0-0 12. Na4 Bd4 13. Bg5 Ng6 14. Bd2 Rab8 15. c3 Be5 16. Rfd1 f5 17. b3 Nh4 18. Be2 fxe4 19. fxe4 Rf6 20. Bh5 Rbf8 21. Be3 Nf3+ 22. Kh1 Nxh2 23. Rg1 Nf3 24. Rgc1 Bf4 25. Bxf4 Rxf4 26. Kg2 Ng5 0-1

[Event "Landesliga Nord 0910"]
[Site "Bayern"]
[Date "2010.03.21"]
[Round "8.5"]
[White "Kwossek, Georg"]
[Black "Priborsky, Marek"]
[Result "1/2-1/2"]
[WhiteElo "2000"]
[BlackElo "215"]
[PlyCount "36"]
[EventDate "2009.10.18"]
[EventType "team-tourn"]
[EventRounds "9"]
[EventCountry "GER"]
[SourceTitle "EXT 2011"]
[Source "ChessBase"]
[SourceDate "2010.11.26"]
[SourceVersion "1"]
[SourceVersionDate "2010.11.26"]
[SourceQuality "1"]
[WhiteTeam "Kitzingen"]
[BlackTeam "Koetzting"]
[WhiteTeamCountry "GER"]
[BlackTeamCountry "GER"]

1. d4 Nf6 2. Nf3 g6 3. c4 Bg7 4. g3 0-0 5. Bg2 d6 6. 0-0 Nbd7 7. Nc3 e5 8. e4 exd4 9. Nxd4 a6 10. h3 Rb8 11. Be3 Ne5 12. b3 c5 13. Nde2 b5 14. f4 Ned7 15. Qxd6 b4 16. Na4 Ne8 17. Qd1 Bxa1 18. Qxa1 Qe7 1/2-1/2

[Event "Landesliga Nord 0910"]
[Site "Bayern"]
[Date "2010.02.28"]
[Round "7.6"]
[White "Priborsky, Marek"]
[Black "Redzepovic, Irfan"]
[Result "1-0"]
[WhiteElo "215"]
[BlackElo "2070"]
[PlyCount "81"]
[EventDate "2009.10.18"]
[EventType "team-tourn"]
[EventRounds "9"]
[EventCountry "GER"]
[SourceTitle "EXT 2011"]
[Source "ChessBase"]
[SourceDate "2010.11.26"]
[SourceVersion "1"]
[SourceVersionDate "2010.11.26"]
[SourceQuality "1"]
[WhiteTeam "Koetzting"]
[BlackTeam "Nuernberg Sued SW"]
[WhiteTeamCountry "GER"]
[BlackTeamCountry "GER"]

1. e4 e5 2. Nf3 Nc6 3. Nc3 Nf6 4. Bb5 Bb4 5. 0-0 0-0 6. d3 d6 7. Bg5 Bxc3 8. bxc3 Ne7 9. Qe2 Kh8 10. Nh4 Nfg8 11. Rad1 c6 12. Bc4 f6 13. Be3 Qa5 14. Bd2 d5 15. Bb3 g5 16. Nf3 Qa3 17. Rfe1 Bg4 18. h3 Bh5 19. d4 dxe4 20. Qxe4 Bg6 21. Qe2 e4 22. Nh2 h6 23. c4 a5 24. Bc1 Qd6 25. a4 f5 26. Bb2 Nf6 27. f3 Kh7 28. fxe4 fxe4 29. c5 Qc7 30. c4 Nh5 31. Bc2 Ng3 32. Qd2 Rae8 33. Ng4 Nef5 34. d5 cxd5 35. Qxd5 Qf4 36. Be5 Rxe5 37. Qxe5 Ne3 38. Rd7+ Rf7 39. Qxf4 gxf4 40. Rxf7+ Bxf7 41. Nxe3 1-0

[Event "CZE-chT2A 0910"]
[Site "Czech Republic"]
[Date "2009.11.22"]
[Round "3.5"]
[White "Hruby, Milan"]
[Black "Priborsky, Marek"]
[Result "1/2-1/2"]
[WhiteElo "2125"]
[BlackElo "2203"]
[PlyCount "58"]
[EventDate "2009.10.18"]
[EventType "team-tourn"]
[EventRounds "11"]
[EventCountry "CZE"]
[SourceTitle "EXT 2012"]
[Source "ChessBase"]
[SourceDate "2011.11.24"]
[SourceVersion "1"]
[SourceVersionDate "2011.11.24"]
[SourceQuality "1"]
[WhiteTeam "Tabor"]
[BlackTeam "Plzen Sokol"]
[WhiteTeamCountry "CZE"]
[BlackTeamCountry "CZE"]

1. e4 c5 2. Nf3 Nc6 3. d4 cxd4 4. Nxd4 Nf6 5. Nc3 e5 6. Ndb5 d6 7. a4 Be7 8. Bg5 a6 9. Bxf6 gxf6 10. Na3 f5 11. Bc4 0-0 12. exf5 Bxf5 13. Nd5 Kh8 14. 0-0 Rg8 15. Kh1 Bf8 16. Ne3 Bg6 17. c3 Qh4 18. Qg4 Qh6 19. Qd7 Nd8 20. Rad1 Qg7 21. Bd5 Qf6 22. Nac4 Bh5 23. Rde1 Ne6 24. Qxb7 Rd8 25. Bf3 Nc5 26. Qd5 Bg6 27. b4 Nd3 28. Rd1 Nf4 29. Qc6 Be7 1/2-1/2

[Event "CZE-chT2A 0809"]
[Site "Czech Republic"]
[Date "2009.01.11"]
[Round "6.4"]
[White "Priborsky, Marek"]
[Black "Orsagova, Silvie"]
[Result "1-0"]
[WhiteElo "2186"]
[BlackElo "2206"]
[PlyCount "101"]
[EventDate "2008.10.12"]
[EventType "team-tourn"]
[EventRounds "11"]
[EventCountry "CZE"]
[SourceTitle "EXT 2010"]
[Source "ChessBase"]
[SourceDate "2010.11.25"]
[SourceVersion "1"]
[SourceVersionDate "2010.11.25"]
[SourceQuality "1"]
[WhiteTeam "Plzen Sokol II"]
[BlackTeam "Praha Dukla"]
[WhiteTeamCountry "CZE"]
[BlackTeamCountry "CZE"]

1. e4 d5 2. exd5 Qxd5 3. Nc3 Qa5 4. d4 Nf6 5. Bc4 c6 6. Bd2 Bf5 7. Nge2 e6 8. Ng3 Bg6 9. h4 h6 10. Nd5 Qd8 11. Nf4 Bh7 12. Qe2 Nd5 13. 0-0-0 Qd6 14. Ngh5 Nd7 15. Nxd5 cxd5 16. Bf4 Qc6 17. Bb5 Qb6 18. Rh3 Rc8 19. Rd2 Qa5 20. Re3 Bf5 21. a3 Bb4 22. Nxg7+ Kd8 23. Nxf5 Bxd2+ 24. Qxd2 Qxd2+ 25. Kxd2 exf5 26. Bxd7 Kxd7 27. Re5 f6 28. Rxd5+ Ke6 29. Rd6+ Ke7 30. Rd5 Ke6 31. Rb5 Rhd8 32. Kd3 Rd7 33. c4 b6 34. Rb3 Kf7 35. g3 h5 36. Rc3 Re7 37. Be3 Rd7 38. b4 Rcd8 39. a4 f4 40. gxf4 Kg6 41. Ke4 Re8+ 42. Kf3 Rc8 43. c5 bxc5 44. dxc5 Rd1 45. b5 Ra1 46. Rc4 Kf5 47. Rb4 Ke6 48. b6 Kd7 49. Rd4+ Ke6 50. b7 Rb8 51. c6 1-0

[Event "CZE-chT 0708"]
[Site "Czech Republic"]
[Date "2008.04.13"]
[Round "11.8"]
[White "Priborsky, Marek"]
[Black "Sykora, Ondrej"]
[Result "1-0"]
[WhiteElo "2179"]
[BlackElo "2203"]
[PlyCount "61"]
[EventDate "2007.11.17"]
[EventType "team-tourn"]
[EventRounds "11"]
[EventCountry "CZE"]
[SourceTitle "EXT 2009"]
[Source "ChessBase"]
[SourceDate "2008.11.26"]
[SourceVersion "1"]
[SourceVersionDate "2008.11.26"]
[SourceQuality "1"]
[WhiteTeam "Plzen"]
[BlackTeam "Turnov Zikuda"]
[WhiteTeamCountry "CZE"]
[BlackTeamCountry "CZE"]

1. e4 e5 2. Nf3 Nc6 3. Bc4 Bc5 4. d3 d6 5. c3 Bg4 6. Nbd2 Qe7 7. 0-0 Nf6 8. a4 a5 9. Re1 0-0 10. Nf1 Be6 11. Ng3 Ng4 12. Rf1 Bxc4 13. dxc4 Qd7 14. h3 Nf6 15. Bg5 Qe6 16. Qe2 h6 17. Bd2 Ne7 18. Nh4 Kh7 19. Kh2 Ng6 20. Nhf5 Nf4 21. Qf3 g5 22. Rae1 Kg6 23. Ne2 Kh7 24. Nxf4 gxf4 25. g3 fxg3+ 26. Qxg3 Rg8 27. Qh4 h5 28. Bg5 Rg6 29. Rg1 Ne8 30. Qxh5+ Kg8 31. Ne7+ 1-0

[Event "CZE-chT1W 0607"]
[Site "Czech Republic"]
[Date "2006.10.29"]
[Round "1.6"]
[White "Soukal, Rudolf"]
[Black "Priborsky, Marek"]
[Result "1/2-1/2"]
[WhiteElo "2134"]
[BlackElo "2160"]
[PlyCount "65"]
[EventDate "2006.10.29"]
[EventType "team"]
[EventRounds "11"]
[EventCountry "CZE"]
[SourceTitle "EXT 2009"]
[Source "ChessBase"]
[SourceDate "2008.11.26"]
[SourceVersion "1"]
[SourceVersionDate "2008.11.26"]
[SourceQuality "1"]
[WhiteTeam "Praha Dukla"]
[BlackTeam "Plzen II"]
[WhiteTeamCountry "CZE"]
[BlackTeamCountry "CZE"]

1. e4 c5 2. Nc3 Nc6 3. g3 g6 4. Bg2 Bg7 5. d3 d6 6. Nge2 b6 7. Be3 Bb7 8. 0-0 Qd7 9. f4 f5 10. d4 Nf6 11. d5 Nb4 12. a3 Na6 13. e5 Ng4 14. e6 Qc8 15. Qd2 Nc7 16. h3 Nf6 17. Rad1 0-0 18. Bf3 b5 19. b4 cxb4 20. axb4 a5 21. Rb1 axb4 22. Rxb4 Ra3 23. Bd4 Qa8 24. Nxb5 Nxb5 25. Rxb5 Rc8 26. Bb2 Ra2 27. Rb1 Ba6 28. Ra5 Rxa5 29. Qxa5 Bxe2 30. Qxa8 Rxa8 31. Bxe2 Nxd5 32. Bf3 Rb8 33. Bxd5 1/2-1/2

[Event "Regionalliga NO 0506"]
[Site "Bayern"]
[Date "2005.10.23"]
[Round "1.5"]
[White "Morcinek, Artur"]
[Black "Priborsky, Marek"]
[Result "1/2-1/2"]
[WhiteElo "1753"]
[BlackElo "2178"]
[PlyCount "38"]
[EventDate "2005.10.23"]
[EventType "team-tourn"]
[EventRounds "9"]
[EventCountry "GER"]
[SourceTitle "EXT 2007"]
[Source "ChessBase"]
[SourceDate "2006.11.23"]
[SourceVersion "1"]
[SourceVersionDate "2006.11.23"]
[SourceQuality "1"]

1. e4 c5 2. Nf3 Nc6 3. d4 cxd4 4. Nxd4 Nf6 5. Nc3 e5 6. Nb3 Bb4 7. Qd3 d5 8. exd5 Nxd5 9. Bd2 Nxc3 10. Bxc3 Qxd3 11. Bxd3 Bxc3+ 12. bxc3 0-0 13. 0-0-0 Be6 14. Rhe1 f6 15. Kb2 Rad8 16. Rd2 b6 17. Nd4 exd4 18. Rxe6 dxc3+ 19. Kxc3 Ne5 1/2-1/2